Nuclear radiation - Statistics

General Stats
  • This quiz has been taken 40 times
  • The average score is 12 of 41
Answer Stats
Hint Answer % Correct
what is it when large nuclei spontaneously split into two smaller nuclei fission
94%
which radiation is stopped by a few cm of air or a sheet of paper alpha
47%
which type of radiation is most ionising alpha
47%
state 2 nuclear processes which can be used to generate energy fission
47%
fusion
47%
which type of radiation is most weakly ionising gamma
47%
the larger the binding energy per nucleon, the ____ stable the nucleus will be more
47%
which process includes joining 2 nuclei to make a larger one, whilst releasing energy in the process fusion
41%
do gamma rays have a charge no
41%
what are the 2 types of fission spontaneous
41%
where does nuclear fusion constantly happen stars
41%
which type of decay is it when a neutron turns into a proton, and releasesan electron and electron antineutrino beta minus
35%
which decay is it when a proton turns into a neutron, and releases apositron and electron neutrino beta plus
35%
what does beta minus radiation consist of electrons
35%
the mass defect is a result of some mass being converted into ______ used to hold the nucleus together energy
35%
which radiation is emitted when. nucleus has top much energy gamma
35%
what conditions are needed for nuclear fusion high temperature
35%
which radiation is emitted when a nucleus has too much mass alpha
29%
which radiation is stopped by a few mm of aluminium or a metre of air beta minus
29%
what is the name for the energy required to hold nucleus togetehr binding energy
29%
induced
29%
what is the most stable nucleus iron
29%
what do you call the energy required to disassemble an atomic nucleus into its constituent protons and neutrons nuclear binding energy
29%
what does beta plus radiation consist of positrons
29%
which radiation is emitted when a nucleus has too many neutrons beta minus
24%
which radiation has 0 range beta plus
24%
which radiation is emitted when a nucleus has too many protons beta plus
24%
high density
24%
what is low-level ionizing radiation present in the environment from natural and artificial sources, not caused by deliberate introduction background radiation
18%
what process can cause an electron to change energy levels excitation/ionisation
18%
which fission includes absorbing a neutron and splitting into 2 smallernuclei, releasing energy and a neutron induced
18%
what are the units of the decay constant inverse time
18%
what is the name given to the difference in mass of the nucleus and the sum of mass of separate constituents mass defect
18%
what is a measure used to compare the binding energies of differentnuclei binding energy per nucleon
12%
what does random mean unpredictable
12%
which radiation travels the fastest and at what speed gamma at speed of light
6%
what is gamma radiation high energy electromagnetic radiation
6%
what does spontaneous fission mean occurs without any external intervention
6%
what absorbs gamma radiation several inches of lead
6%
how does the mass of a nucleus compare to the sum of themass of its individual constituents? always less
0%
how do unstable nuclei become more stable by emitting radiation
0%
No matching quizzes found
Score Distribution
Percent of People with Each Score
Percentile by Number Answered
Your Score History
You have not taken this quiz